ឆ្កែខាំពពែ : (Record no. 8524)

MARC details
000 -LEADER
fixed length control field 02459nam a22003137a 4500
001 - CONTROL NUMBER
control field 8524
003 - CONTROL NUMBER IDENTIFIER
control field FISKH
005 - DATE AND TIME OF LATEST TRANSACTION
control field 20250917140249.0
008 - FIXED-LENGTH DATA ELEMENTS--GENERAL INFORMATION
fixed length control field 250917b cb ||||| |||| 00| 0 eng d
020 ## - INTERNATIONAL STANDARD BOOK NUMBER
International Standard Book Number 9789996301759
040 ## - CATALOGING SOURCE
Original cataloging agency FISKH
Language of cataloging khr
Transcribing agency FISKH
Modifying agency FISKH
050 ## - LIBRARY OF CONGRESS CALL NUMBER
Classification number PZ7
082 ## - DEWEY DECIMAL CLASSIFICATION NUMBER
Classification number 590
100 ## - MAIN ENTRY--PERSONAL NAME
Personal name Sotheary, Kimsun
245 ## - TITLE STATEMENT
Title ឆ្កែខាំពពែ :
Remainder of title Dogs kill goats /
Statement of responsibility, etc. រៀបរៀងដោយ អ្នកស្រី គឹមស៊ុន សុធារី
260 ## - PUBLICATION, DISTRIBUTION, ETC.
Place of publication, distribution, etc. Phnom Penh :
Name of publisher, distributor, etc. Reading Books ,
Date of publication, distribution, etc. 2012.
300 ## - PHYSICAL DESCRIPTION
Extent 20 pages :
Other physical details color illustrations ;
Dimensions 25 cm .
490 ## - SERIES STATEMENT
Series statement ពិភពរឿងនិទាន
505 ## - FORMATTED CONTENTS NOTE
Formatted contents note K <br/>
520 ## - SUMMARY, ETC.
Summary, etc. មានអ្នកគង្វាលពពែម្នាក់បានគៀងពពែទៅសុីស្មៅ ហើយក៏មានថ្មើព្រៃម្នាក់បាននាំឆ្កែបីចូលទៅក្នុងព្រៃដើម្បីរកអុស​និងបន្លែ ។​ ពេលដែលអ្នកឃ្វាលពពែដេកលក់ឆ្កែក៏ចោមរោមខាំពពែមួយក្បាលដល់ស្លាប់។​ លោកសេដ្ឋីដែលជាម្ចាស់ពពែខឺងយ៉ាងខ្លាំងក៏ប្តឺងអោយ អ្នកថ្មើព្រៃសងលុយ ចុងក្រោយចៅក្រមក៏សម្រេចអោយអ្នកគង្វាលពពែមានទោស ព្រោះគាត់ប្រហែស ។​
520 ## - SUMMARY, ETC.
Summary, etc. There was once a shepherd who led his sheep to graze on grass. At the same time, a forager (a person who collects firewood and vegetables) entered the forest with three dogs to gather firewood and wild vegetables.<br/>While the shepherd was lying down and fell asleep, the dogs suddenly attacked and bit one of the sheep to death.<br/>The wealthy man, who owned the sheep, was extremely upset and filed a complaint demanding compensation from the forager.<br/>In the end, the judge ruled that the shepherd was at fault, because he had been negligent in his duties.
521 8# - TARGET AUDIENCE NOTE
Target audience note 510 <br/>
Source Lexile estimate
521 8# - TARGET AUDIENCE NOTE
Target audience note K <br/>
Source Raz-Plus <br/>
650 ## - SUBJECT ADDED ENTRY--TOPICAL TERM
Topical term or geographic name entry element ឆ្កែខាំពពែ
Form subdivision រឿងនិទានកុមារ
650 ## - SUBJECT ADDED ENTRY--TOPICAL TERM
Topical term or geographic name entry element Dogs kill goats
Form subdivision Children's story
700 ## - ADDED ENTRY--PERSONAL NAME
Personal name Sohear, In
Relator term Illustrator
942 ## - ADDED ENTRY ELEMENTS (KOHA)
Source of classification or shelving scheme Dewey Decimal Classification
Koha item type Khmer Books
Suppress in OPAC No
Holdings
Withdrawn status Lost status Source of classification or shelving scheme Damaged status Not for loan Collection Home library Current library Shelving location Date acquired Total Checkouts Full call number Barcode Date last seen Date last checked out Copy number Price effective from Koha item type
    Dewey Decimal Classification     Khmer-English Bilingual / ភាសាខ្មែរ-អង់គ្លេស Footprints International School Library Network Toul Tom Poung Campus Footprints International School Library Network Toul Tom Poung Campus TTP Primary Khmer Bookshelves 09/17/2025 1 SOT PZ7 590 FIS04417 03/11/2026 03/11/2026 1 09/17/2025 Khmer Books
    Dewey Decimal Classification     Khmer-English Bilingual / ភាសាខ្មែរ-អង់គ្លេស Footprints International School Library Network Toul Tom Poung Campus Footprints International School Library Network Toul Tom Poung Campus TTP Primary Khmer Bookshelves 09/17/2025   SOT PZ7 590 FISBK03903 09/17/2025   2 09/17/2025 Khmer Books
    Dewey Decimal Classification     Khmer-English Bilingual / ភាសាខ្មែរ-អង់គ្លេស Footprints International School Library Network Toul Tom Poung Campus Footprints International School Library Network Toul Tom Poung Campus TTP Primary Khmer Bookshelves 11/10/2025   SOT PZ7 590 FISBK03742 11/10/2025   3 11/10/2025 Khmer Books
    Dewey Decimal Classification     Khmer-English Bilingual / ភាសាខ្មែរ-អង់គ្លេស Footprints International School Library Network Toul Tom Poung Campus Footprints International School Library Network Toul Tom Poung Campus TTP Primary Khmer Bookshelves 11/11/2025   SOT PZ7 590 FIS04183 11/11/2025   4 11/11/2025 Khmer Books